5HLuxD.jpg

KING HENRY VIII SENIOR AND PRIMARY SCHOOL LIBRARY OPAC

A TINY BIT LUCKY (Record no. 5214)

000 -LEADER
fixed length control field 00294nam a22001097a 4500
008 - FIXED-LENGTH DATA ELEMENTS--GENERAL INFORMATION
fixed length control field 250827b ||||| |||| 00| 0 eng d
082 ## - DEWEY DECIMAL CLASSIFICATION NUMBER
Classification number 823.92 PIC
100 ## - MAIN ENTRY--PERSONAL NAME
Relator term PICHON,LIZ
Language of a work ENGLISH
245 ## - TITLE STATEMENT
Title A TINY BIT LUCKY
Remainder of title TOM GATES
260 ## - PUBLICATION, DISTRIBUTION, ETC.
Name of publisher, distributor, etc. 345 PACIFIC HIGHWAY LINDFIELD NSW 2070
Date of publication, distribution, etc. 2017
942 ## - ADDED ENTRY ELEMENTS (KOHA)
Source of classification or shelving scheme

No items available.

Powered By KH8 IT Dept